000
00193 a2200097 4500
001
56733
100
_a
245
_a
Jimmy parkers new job
260
_a
ND
_b
V. G. L.
_c
090
_c
34864
_d
34864
942
_a
NUST-CAE
_c
_c
27629
999
_c
291806
_d
291806